ARRUPE JESUIT UNIVERSITY

CORONAVIRUS -STOP THE SPREAD - CLEAN,DISINFECT,COVER

The quiet revolutionaries : (Record no. 120543)

MARC details
000 -LEADER
fixed length control field 01104cam a2200277 a 4500
001 - CONTROL NUMBER
control field 2051579
003 - CONTROL NUMBER IDENTIFIER
control field ARRUPE
005 - DATE AND TIME OF LATEST TRANSACTION
control field 20140520133635.0
008 - FIXED-LENGTH DATA ELEMENTS--GENERAL INFORMATION
fixed length control field 930726s1993 dcua 000 0 eng
010 ## - LIBRARY OF CONGRESS CONTROL NUMBER
LC control number 93029189
020 ## - INTERNATIONAL STANDARD BOOK NUMBER
International Standard Book Number 0821325310
040 ## - CATALOGING SOURCE
Original cataloging agency DLC
Transcribing agency DLC
Modifying agency DLC
050 00 - LIBRARY OF CONGRESS CALL NUMBER
Classification number SPC SB211.C3
Item number W55 1993
082 00 - DEWEY DECIMAL CLASSIFICATION NUMBER
Classification number 633.6/8/072
Edition number 20
300 ## - PHYSICAL DESCRIPTION
Other physical details ill. ;
Dimensions 25 cm.
100 1# - MAIN ENTRY--PERSONAL NAME
Personal name Wigg, David,
Dates associated with a name 1939-
9 (RLIN) 10366
245 14 - TITLE STATEMENT
Title The quiet revolutionaries :
Remainder of title a look at the campaign by agricultural scientists to fight hunger ... and how the much-neglected cassava could help /
Statement of responsibility, etc David Wigg ; foreword by W. David Hopper.
260 ## - PUBLICATION, DISTRIBUTION, ETC. (IMPRINT)
Place of publication, distribution, etc Washington, D.C. :
Name of publisher, distributor, etc World Bank,
Date of publication, distribution, etc c1993.
300 ## - PHYSICAL DESCRIPTION
Extent iv, 47 p. :
440 #0 - SERIES STATEMENT/ADDED ENTRY--TITLE
Title World Bank development essays ;
Volume number/sequential designation 2
9 (RLIN) 10367
650 #0 - SUBJECT ADDED ENTRY--TOPICAL TERM
Topical term or geographic name as entry element Cassava.
9 (RLIN) 10368
650 #0 - SUBJECT ADDED ENTRY--TOPICAL TERM
Topical term or geographic name as entry element Cassava
General subdivision Research.
9 (RLIN) 10369
710 2# - ADDED ENTRY--CORPORATE NAME
Corporate name or jurisdiction name as entry element World Bank.
9 (RLIN) 10370
906 ## - LOCAL DATA ELEMENT F, LDF (RLIN)
a 7
b cbc
c orignew
d 1
e ocip
f 19
g y-gencatlg
942 ## - ADDED ENTRY ELEMENTS (KOHA)
Source of classification or shelving scheme Library of Congress Classification
Koha item type Monograph ( Printed materials)
Holdings
Withdrawn status Lost status Source of classification or shelving scheme Damaged status Not for loan Collection code Home library Current library Shelving location Date acquired Total Checkouts Full call number Barcode Date last seen Price effective from Koha item type
    Library of Congress Classification     Main Collection ARRUPE LIBRARY ARRUPE LIBRARY Main Collection 20/05/2014   SPC SB211.C3 W55 1993 46500001546 10/09/2019 20/05/2014 Monograph ( Printed materials)

 

Arrupe Library. PO Box MP320 Mt Pleasant, Harare, Zimbabwe
263 242 745411|librarian@aju.ac.zw